=LDR 00000nam 2200000 4500 =001 INLIS00000000000115 =005 20260702043538 =020 ##$$a 978-623-98737-2-1 =082 ##$$a 587.000 =100 1#$$a Sari, Irsyadiana Rachma =245 1 $$a Tumbuhan Paku /$c Irsyadiana Rachma Sari =300 ##$$a 24 ; 21 x 22